Quizzes
Events
Quiz Creation
Community
Videos
Private Events
Remove Ads
Sign In
Join for FREE
Feedback
Dark Mode
Quiz Categories
Sports
Geography
Music
Movies
Television
Just For Fun
Miscellaneous
History
Literature
Language
Science
Gaming
Entertainment
Religion
Holiday
For Kids
Quiz Lab
Recent
Popular Today
Quiz Kudos Today
Editor Picks
Curator Picks
Quizzes by...
Day
Popularity
Type
Ratings
Length
Year
Community
Subscriptions
Recent Discussions
Orange Saloon
Badges
Playlists
Quests
Create
Leaderboards
Showdown
Live 5
Trivia Bingo
Activity
Puzzle Library
Sporcle Events
Private Events
Virtual Trivia
Globe League
Become a Host
Pub Owners
SporcleCon
Opinionation
Our Games
Videos
Blog
Mobile Apps
Partnerships
Remove Ads and Go Orange
Feedback
Gaming
Video Games
Board Games
Card Games
Pokémon
Mario
Nintendo
Minecraft
Console
Toys
Legend of Zelda
Gaming
Video Games
Board Games
Card Games
Pokémon
Mario
Nintendo
Minecraft
Console
Toys
Legend of Zelda
Random Quiz
Search Sporcle
×
Quiz Lab
Quiz Lab
Gaming
Nintendo
Type in answers that appear in a list
Type in answers that appear in a list
Classic
Best Score? Go Orange.
Runescape Melee Armours Stats
Can you name the Runescape Melee Armours?
By
kennyr9
5m
27 Questions
1,371 Plays
1,371 Plays
1,371 Plays
Comments
Comments
Give Quiz Kudos
Give Quiz Kudos
-
- Ratings
hide this ad
Replay
Link that replays current quiz
Next Quiz
Link to next quiz in quiz playlist
You Got
0%
They Got
Avg Score
49%
Avg Friend Score
Upgrade to see
Score Distribution
Jump to the score distribution portion of the page
Score
0/27
Timer
05:00
0
Plays Today
Lowest to Highest
Amour (no corrupt/sets only)
% Correct
Level 1 Defense
Bronze
99.1%
Level 1 Defense
Iron
97.9%
Level 5 Defense
Steel
96.4%
Level 40 Defense
Rune
96.2%
Level 20 Defense
Mithril
95.4%
Level 30 Defense
Adamant
93.7%
Level 10 Defense
Black
91.2%
Level 60 Defense
Dragon
91.2%
Level 70 Defense
Dharok
64%
Level 10 Defense
White
59.9%
Level 70 Defense
Torag
58.8%
Level 65 Defense
Bandos
56.2%
Level 70 Defense
Guthan
55.7%
Level 70 Defense
Verac
54.5%
Lowest to Highest
Amour (no corrupt/sets only)
% Correct
Level 50 Defense
Granite
48.7%
Level 78 Defense
Vesta
25.3%
Level 20 Defense
initiate
24.8%
Level 78 Defense
Statius
21.4%
Level 30 Defense
Proselyte
21%
Level 65 Defense
3rd age
16.5%
Level 40 Defense
Rockshell
15.7%
Level 5 Defense
Decorative
9.3%
Level 20 Defense
Decorative
9.3%
Level 30 Defense
Decorative
9.3%
Level 40 Defense
Decorative
9.3%
Level 40 Defense
Sacred clay
4.1%
Level 40 Defense
Fractite
1.5%
Quiz Playlist
Details
Report
Send in Message
Add To Playlist
Classic:
Type in answers that appear in a list
Last Updated: Sep 12, 2017
Quiz Scoreboard
CHALLENGE
Sign Up to Join the Scoreboard
Show All
Scores
Hide
Comments
May contain spoilers
Recently Published
9x9 Crossword: Cartoon Network
by jackfrog10
Miscellaneous
3m
College Basketball Coaching Resumes
by pancakes188
Sports
9m
Billboard Blitz: Fleetwood Mac
by CooCooCachoo
Music
15s
More to Explore
Quiz From the Vault
Featured Blog Post
Where Did the Easter Bunny Come From?
hide this ad
You Might Also Like...
Tags
Nintendo Quiz
armour
corrupt
highest
Lowest
melee
runescape
set
Today's Top Quizzes in Gaming
Browse Gaming
hide this ad
Today's Top Quizzes in Nintendo
Browse Nintendo
Top Contributed Quizzes in Gaming
1
5-to-1: Consoles
2
7-to-1: Board Game Piece Blitz
3
5-to-1: Legend of Zelda
4
League of Legends Pro Players by Career/Team History
5
Destiny 2 exotic weapons by perk icons
6
Ultimate Genshin Impact Logic Puzzle (up to 4.3)
7
Franchise by Action Figure
8
Who's on the WWE 2K24 Cover?
9
Genshin Impact Logic Puzzle Quiz
10
Overwatch Logic Puzzle
Explore More
Trending Topics
Disney
Harry Potter
Crossword
Kpop
Anime
Marvel
NBA
Song
Soccer
NFL
Pokémon
The Office
WWE
Puzzle
Country
hide this ad
More By:
kennyr9
Quiz
Plays
Rating
Category
Featured
Created
Halo Reach Ranks
4,228
2.75
Gaming
Oct 11, 2010
Runescape Melee Armours
1,371
3.44
Gaming
Jun 11, 2010
Runescape Dragon Weapons
1,072
4.60
Gaming
Jun 14, 2010
Runescape Woodcutting Tree Types
466
3.75
Gaming
Jun 14, 2010
Runescape Godwars Dungeon Bosses
167
4.67
Gaming
Jun 11, 2010
Go to Creator's Profile
Score Distribution
Quiz Creator Spotlight
kennyr9
Follow
Send a Message
Quizzes Created
-
Created Quiz Play Count
-
More By This Creator
Popular Quizzes Today
1
Find the US States - No Outlines Minefield
2
Find the Countries of Europe - No Outlines Minefield
3
The Countries of the World
4
Find the US States
5
Risky Map Clicking: Biggest States A-Z
6
US States
7
Popular People in 1961
8
Movies - When Are They Set?
More Gaming Quizzes
Call of Duty: Warzone Pacific Caldera Battle Royal Map
Quiz Lab
Trending Quizzes
Risky Map Clicking: Least Populous States A-Z
1-10 Letter G Words
1-10 Letter F Words
Risky Map Clicking: Next State Alphabetically
Adjectives in 80s TV Shows
Recently Updated
Leaping Animals
pecheneg
Reality TV Shows (A-Z)
bhenderson79
Rickey Henderson's Hall of Fame Teammates
pecheneg
Champions League XIs: Arsenal
pecheneg
Quick Pick: Celebrities in WWE's Hall of Fame
aduchscher
A-Z Keypad Blitz II
pecheneg
Multiple Oscar Actors
pecheneg
Mystery Phrase Blitz: Oscar 'Best Actors'
pecheneg
F. Scott Fitzgerald Novels
LTH
Pick 3 Villains
ddd62291
Trending Topics
Harry Potter
NBA
Crossword
Anime
Kpop
Disney
Marvel
Puzzle
WWE
NFL
Country
The Office
Soccer
Pokémon
Song
Your Account Isn't Verified!
In order to create a playlist on Sporcle, you need to verify the email address you used during registration. Go to your
Sporcle Settings
to finish the process.
Report this User
Report this user for behavior that violates our
Community Guidelines
.
Details:
Send Report
Go to the Sporcle.com Mobile Site →
Comments